| 000 | 01019nam a22003617a 4500 | ||
|---|---|---|---|
| 001 | BR0503138 | ||
| 003 | BR-BrBNA | ||
| 005 | 20230928101919.0 | ||
| 007 | ta | ||
| 008 | 230509b bl.||||| |||| 00| 0 por d | ||
| 040 |
_aBR-BrBNA _bpor _cBiblioteca Nacional de Agricultura |
||
| 041 | _a(Por) | ||
| 072 |
_aL01; L02; C20 _b5213 |
||
| 090 | _ 5213 BR0503138 | ||
| 100 | 1 | _aCardoso, E.L. | |
| 110 | 1 |
_aEMBRAPA Pantanal, Corumbá, MS (Brasil) _93692 |
|
| 245 | 1 | _aGado de corte no Pantanal: o produtor pergunta, a Embrapa responde | |
| 260 | 3 |
_aBrasília, DF (Brasil): _bEMBRAPA Informação Tecnológica, _c2004. |
|
| 300 | _a225 p. | ||
| 500 | _a54 illus. | ||
| 650 | _aGADO DE CORTE | ||
| 650 | _aMANEJO | ||
| 650 | _aNUTRIÇÃO ANIMAL | ||
| 650 | _aPASTAGEM | ||
| 650 | _aSUPLEMENTO MINERAL | ||
| 650 | _aMELHORAMENTO GENÉTICO ANIMAL | ||
| 650 | _aVETERINÁRIA | ||
| 650 | _aCAVALO | ||
| 650 | _aPANTANAL | ||
| 650 | _aDIVULGAÇÃO | ||
| 909 |
_a202309 _bLucia _c55 _dLucia Elande |
||
| 942 | _cBK | ||
| 999 |
_c68199 _d68199 |
||